[Event "G5-1 2012"]
[Site "Helsingor"]
[Date "2012.04.08"]
[Round "4"]
[White "Dreisler, Tobias"]
[Black "Meldgaard, Frode"]
[Result "1-0"]
[WhiteElo "1760"]
[BlackElo "1961"]
[PlyCount "83"]
[EventDate "2012.??.??"]
[EventCountry "DEN"]
[SourceDate "2014.05.18"]

1. e4 e5 2. d4 Nc6 3. dxe5 Nxe5 4. Be3 d6 5. h3 Nf6 6. Nc3 Be7 7. Qd2 a6 8.
O-O-O b5 9. f3 Be6 10. g4 b4 11. Nd5 a5 12. f4 Nc6 13. Bb5 Bd7 14. Nxf6+ Bxf6
15. e5 dxe5 16. Qd5 O-O 17. Qxd7 Nd4 18. fxe5 Bxe5 19. Qxd8 Rfxd8 20. Bxd4 Bxd4
21. Nf3 Be3+ 22. Kb1 Rdb8 23. Bc4 Rb6 24. Rhe1 Bc5 25. Ne5 Rf6 26. Nd7 Rf4 27.
Bxf7+ Rxf7 28. Nxc5 Rf3 29. Rd3 Rf2 30. Kc1 a4 31. Rde3 b3 32. axb3 axb3 33.
Nxb3 Rff8 34. Re7 c5 35. Rc7 Rf3 36. Ree7 Rd8 37. Rxg7+ Kf8 38. Rgd7 Rxd7 39.
Rxd7 c4 40. Nd2 Rxh3 41. Nxc4 Rh4 42. Ne3 1-0

[Event "G5-1 2012"]
[Site "Helsingor"]
[Date "2012.04.09"]
[Round "5"]
[White "Svendsen, Peter Willer"]
[Black "Johansen, Johnny Holler"]
[Result "1-0"]
[WhiteElo "1945"]
[BlackElo "1896"]
[PlyCount "117"]
[EventDate "2012.??.??"]
[EventCountry "DEN"]
[SourceDate "2014.05.18"]
[WhiteClock "0:07:11"]
[BlackClock "0:15:51"]

1. d4 e6 2. Nf3 Nf6 3. g3 b6 4. Bg2 Bb7 5. O-O d5 6. c4 c5 7. cxd5 Bxd5 8. Nc3
Bb7 9. Bg5 cxd4 10. Nb5 Nc6 11. Ne5 Nxe5 12. Bxb7 Rb8 13. Bg2 Qd7 14. Nxd4 Bc5
15. e3 Nd5 16. Qh5 Ng6 17. Rfd1 h6 18. Bf4 Ngxf4 19. gxf4 O-O 20. f5 Nf6 21.
Qh4 Rbd8 22. Bf3 Bxd4 23. Rxd4 Qe7 24. fxe6 Qxe6 25. a4 Qe5 26. Rad1 Rc8 27. b4
Qg5+ 28. Qxg5 hxg5 29. b5 Rc7 30. Bc6 g6 31. Kg2 Kg7 32. h4 gxh4 33. Rxh4 Rh8
34. Rxh8 Kxh8 35. f4 Kg7 36. Kf3 Re7 37. e4 Nh5 38. Rd6 f6 39. Kg4 Kf7 40. Bd5+
Kg7 41. Rd8 f5+ 42. exf5 Nf6+ 43. Kg5 Nh7+ 44. Kh4 gxf5 45. Kh5 Re3 46. Rd7+
Kh8 47. Rf7 Rd3 48. Kg6 Rxd5 49. Rxh7+ Kg8 50. Rxa7 Kf8 51. Kf6 Kg8 52. Ra6
Rd6+ 53. Kxf5 Kf7 54. Ke5 Re6+ 55. Kd5 Rf6 56. a5 Rf5+ 57. Kc6 bxa5 58. b6 Rxf4
59. b7 1-0

[Event "G5-1 2012"]
[Site "Helsingor"]
[Date "2012.04.09"]
[Round "5"]
[White "Hove, Svend Kjems"]
[Black "Thybo, Jesper Sondergaard"]
[Result "1/2-1/2"]
[WhiteElo "1931"]
[BlackElo "2029"]
[PlyCount "170"]
[EventDate "2012.??.??"]
[EventCountry "DEN"]
[SourceDate "2014.05.18"]
[WhiteClock "0:10:31"]
[BlackClock "0:27:03"]

1. e4 e6 2. d4 d5 3. Nc3 Bb4 4. Qg4 Nf6 5. Qxg7 Rg8 6. Qh6 Rg6 7. Qe3 Nxe4 8.
a3 Ba5 9. Nh3 Nxc3 10. bxc3 c5 11. Bd2 Nc6 12. Nf4 Rg8 13. Rd1 c4 14. Be2 Ne7
15. g4 Ng6 16. Nh5 Qe7 17. g5 Kd8 18. Nf6 Rh8 19. h4 Bc7 20. Qf3 Bd7 21. h5 Nf8
22. Ng4 Kc8 23. Nh6 Be8 24. Rh4 Nd7 25. Bc1 a6 26. Qe3 Kb8 27. f4 Qd6 28. Bg4
Ka7 29. Kf2 Rf8 30. Re1 Nb6 31. f5 Bd7 32. f6 Be8 33. Bd1 Na4 34. Ng4 Ba5 35.
Bd2 Qxa3 36. Rh3 Bb6 37. Ne5 Nc5 38. Bf3 Nd7 39. Qf4 Nxe5 40. Qxe5 Rc8 41. Kg2
Rg8 42. Kh1 Rc6 43. Bg2 Qa2 44. Rc1 Bc7 45. Qe2 Rb6 46. Rf3 Rb2 47. Be3 Ba4 48.
Rf2 Qa3 49. Qd2 Ba5 50. Bh3 Bxc3 51. Qd1 Rb6 52. Rf3 Bb2 53. Bf4 c3 54. Rb1 Bb5
55. Bf1 Bxf1 56. Qxf1 Qa4 57. Qd3 Rh8 58. Kg2 Qb5 59. Qe3 Rg8 60. Kf2 a5 61.
Qe5 Qc4 62. Rg3 Qa4 63. Qe2 Qe8 64. Qd3 Rh8 65. Bc7 Ra6 66. Be5 a4 67. g6 a3
68. g7 Rg8 69. Qxh7 a2 70. Rgg1 axb1=Q 71. Rxb1 Ba3 72. h6 Bd6 73. Qd3 Bxe5 74.
dxe5 Qa4 75. h7 Qf4+ 76. Kg2 Qg4+ 77. Kf2 Qf4+ 78. Ke2 Qh2+ 79. Ke1 Qh1+ 80.
Kf2 Qh2+ 81. Ke1 Qh1+ 82. Kf2 Qh2+ 83. Ke1 Qh1+ 84. Kf2 Qh2+ 85. Ke1 Qh1+
1/2-1/2

[Event "G5-1 2012"]
[Site "Helsingor"]
[Date "2012.04.09"]
[Round "5"]
[White "Knudsen, Joachim Holm"]
[Black "Hansen, Rasmus Agertoft"]
[Result "1-0"]
[WhiteElo "1876"]
[BlackElo "1810"]
[PlyCount "63"]
[EventDate "2012.??.??"]
[EventCountry "DEN"]
[SourceDate "2014.05.18"]
[WhiteClock "0:07:23"]
[BlackClock "0:36:21"]

1. d4 d5 2. c4 c6 3. Nc3 Nf6 4. Nf3 e6 5. Bg5 dxc4 6. a4 Bb4 7. Bxf6 gxf6 8. g3
Qa5 9. Qc1 Nd7 10. Bg2 Nb6 11. O-O Bxc3 12. Qxc3 Qxc3 13. bxc3 a5 14. Nd2 e5
15. Ne4 Ke7 16. Nc5 Nd5 17. Bxd5 cxd5 18. Rab1 exd4 19. cxd4 Rb8 20. Rb6 Bf5
21. f3 Rhc8 22. e4 dxe4 23. fxe4 Rxc5 24. dxc5 Bxe4 25. Rbxf6 Bd5 26. Rd6 Be6
27. Rb6 Kd7 28. Kf2 Kc7 29. Rd1 Rg8 30. Rb5 Rg5 31. Rxa5 Bd7 32. Rxd7+ 1-0

[Event "G5-1 2012"]
[Site "Helsingor"]
[Date "2012.04.09"]
[Round "5"]
[White "Kamstrup, Flemming"]
[Black "Dreisler, Tobias"]
[Result "1-0"]
[WhiteElo "1912"]
[BlackElo "1760"]
[PlyCount "84"]
[EventDate "2012.??.??"]
[EventCountry "DEN"]
[SourceDate "2014.05.18"]
[WhiteClock "0:13:01"]
[BlackClock "0:08:23"]

1. e4 e5 2. Nf3 Nc6 3. d4 exd4 4. Bc4 Nf6 5. O-O Nxe4 6. Re1 d5 7. Bxd5 Qxd5 8.
Nc3 Qa5 9. Nxe4 Be6 10. Bg5 h6 11. Bd2 Qd5 12. c3 O-O-O 13. cxd4 Nxd4 14. Nxd4
Qxd4 15. Qc2 Kb8 16. Rac1 c6 17. Bf4+ Ka8 18. Red1 Qb6 19. Be3 Rxd1+ 20. Rxd1
Qc7 21. Qa4 b6 22. Bf4 b5 23. Qa6 Bc8 24. Bxc7 Bxa6 25. Rd8+ Kb7 26. Bd6 Bxd6
27. Nxd6+ Kc7 28. Rxh8 Kxd6 29. Ra8 c5 30. Rxa7 Bc8 31. Rxf7 Be6 32. Rxg7 Bxa2
33. Rg6+ Ke5 34. Kf1 b4 35. Ke1 Kd4 36. Kd2 c4 37. Rxh6 Kd5 38. Rh5+ Kd4 39.
Rb5 b3 40. Rg5 c3+ 41. bxc3+ Kc4 42. Rg4+ Kb5 1-0

[Event "G5-1 2012"]
[Site "Helsingor"]
[Date "2012.04.09"]
[Round "5"]
[White "Rasmussen, Morten Fredsgaard"]
[Black "Petersen, Tom"]
[Result "1/2-1/2"]
[WhiteElo "1864"]
[BlackElo "1797"]
[PlyCount "29"]
[EventDate "2012.??.??"]
[EventCountry "DEN"]
[SourceDate "2014.05.18"]
[WhiteClock "1:26:39"]
[BlackClock "1:06:04"]

1. d4 e6 2. Nf3 d5 3. Bg5 Be7 4. Bxe7 Qxe7 5. c3 Nd7 6. Nbd2 b6 7. e3 Bb7 8.
Bd3 Ngf6 9. O-O O-O 10. Ne5 Nxe5 11. dxe5 Ne4 12. f4 Nxd2 13. Qxd2 f5 14. Qe2
c5 15. Ba6 1/2-1/2

[Event "G5-1 2012"]
[Site "Helsingor"]
[Date "2012.04.09"]
[Round "5"]
[White "Kokholm, Daniel"]
[Black "Schmidt, Niels Kim"]
[Result "1-0"]
[WhiteElo "1864"]
[BlackElo "1824"]
[PlyCount "77"]
[EventDate "2012.??.??"]
[EventCountry "DEN"]
[SourceDate "2014.05.18"]
[WhiteClock "0:25:23"]
[BlackClock "0:26:07"]

1. Nc3 Nf6 2. d4 d5 3. e4 dxe4 4. f3 e3 5. Bxe3 c6 6. Bc4 e6 7. Nge2 Be7 8. Qd2
Nd5 9. O-O-O Nxe3 10. Qxe3 Na6 11. Ng3 Nc7 12. f4 g6 13. Rhe1 Nd5 14. Nxd5 cxd5
15. Bd3 Bd7 16. Kb1 Bh4 17. Re2 Bxg3 18. Qxg3 Qf6 19. Qe3 a6 20. Rf2 O-O 21. c3
b5 22. g4 a5 23. g5 Qg7 24. h4 f5 25. Rh1 b4 26. cxb4 axb4 27. h5 Kf7 28. Rfh2
gxh5 29. Rxh5 Rh8 30. Rh6 Raf8 31. Bb5 Bc8 32. Qg1 Ke7 33. g6 hxg6 34. Rxg6
Qxg6 35. Qxg6 Rxh1+ 36. Kc2 Rfh8 37. Qg7+ Kd6 38. Qa7 R1h4 39. Qc5# 1-0

[Event "G5-1 2012"]
[Site "Helsingor"]
[Date "2012.04.09"]
[Round "5"]
[White "Meldgaard, Frode"]
[Black "Olesen, Michael J"]
[Result "1-0"]
[WhiteElo "1961"]
[BlackElo "1931"]
[PlyCount "75"]
[EventDate "2012.??.??"]
[EventCountry "DEN"]
[SourceDate "2014.05.18"]
[WhiteClock "0:13:19"]
[BlackClock "0:18:23"]

1. e4 d5 2. exd5 Nf6 3. Nf3 Nxd5 4. d4 g6 5. Bc4 Bg7 6. O-O O-O 7. c3 Nc6 8.
Bg5 Nf6 9. Re1 Na5 10. Bd3 Bg4 11. h3 Be6 12. b4 Nc4 13. Qc2 c6 14. Nbd2 Na3
15. Qb2 Nb5 16. Re2 a5 17. bxa5 Rxa5 18. Nb3 Bxb3 19. Qxb3 Ra3 20. Qb2 Ra5 21.
Rae1 e6 22. Ne5 Qc7 23. c4 Nd6 24. Bd2 Ra7 25. Qb3 Rfa8 26. Bb4 b5 27. cxb5
Nxb5 28. Bxb5 cxb5 29. Rc2 Qb7 30. Nc6 Ra6 31. Ne7+ Kh8 32. Rec1 Qd7 33. Rc8+
Ne8 34. Qf3 Rxc8 35. Rxc8 f5 36. Qf4 Bxd4 37. Rxe8+ Kg7 38. Nxf5+ 1-0